Statistiques concernant Frontières de la Libye

Cliquez ici pour prendre le quiz!

Statistiques générales

  • Ce quiz a été pris 39 fois
  • Le résultat moyen est 6 sur 6

Statistiques - réponses

Longueur Pays frontalier % Correct
1115 kmEgypte
100%
459 kmTunisie
100%
383 kmSoudan
100%
982 kmAlgérie
97%
1055 kmTchad
94%
354 kmNiger
81%

Distribution des résultats

Percentile par nombre de réponses

% des personnes avec chaque résultat

Votre développement - résultats

Vous n’avez pas pris ce quiz